Chess World Champion Countries - Statistics

General Stats
  • This quiz has been taken 39 times
  • The average score is 8 of 10
Answer Stats
# of Country % Correct
7 Soviet Union/Russia/Latvia/Armenia
100%
1 USA
97%
1 China
95%
2 India
95%
1 Norway
92%
1 Germany
89%
1 France
79%
1 Austria-Hungary
55%
1 Cuba
50%
1 Netherlands
50%
No matching quizzes found
Score Distribution
Percent of People with Each Score
Percentile by Number Answered
Your Score History
You have not taken this quiz